Città natale dei personaggi storici #2 - Statistics

Statistiche generali
  • Questo quiz è stato fatto 42 volte
  • Il punteggio medio è 10 su 20
Statistiche sulle risposte
Hint Risposta % Corretto
Fëdor Dostoevskij Mosca
92%
Simone de Beauvoir Parigi
90%
Diego Armando Maradona Buenos Aires
85%
Charlie Chaplin Londra
69%
Leonardo da Vinci Vinci
69%
Annibale Cartagine
67%
Antonio Vivaldi Venezia
67%
Rita Levi-Montalcini Torino
59%
Cleopatra Alessandria d'Egitto
56%
Maria Callas New York
54%
Luigi Pirandello Girgenti
54%
Luigi Pirandello Agrigento
51%
Enrico Berlinguer Sassari
49%
Joan Miró Barcellona
46%
Marylin Monroe Los Angeles
33%
Ferdinando Magellano Porto
28%
Jean-Jacques Rousseau Ginevra
26%
Freddie Mercury Zanzibar
18%
Karl Marx Treviri
15%
Oda Nobunaga Nagoya
0%
Nessun quiz corrispondente trovato
Distribuzione punteggi
Percentuale di utenti per punteggio
Percentile per numero di risposta
I tuoi punteggi nel tempo
Non hai fatto questo quiz